000 00286nam a22001337a 4500
008 180302b xxu||||| |||| 00| 0 eng d
020 _a9781564969088
041 _aeng
080 _a7
100 _a44
101 _aART
245 _aRedesigning identity
_cFishel,C
942 _2udc
_cBK
999 _c44086
_d44086